000 00914cam a2200229 4500
001 ##L132044
008 051221n2004 000 0 eng u
020 _a0860176207
035 _a(Sirsi) u132044
041 0 _aeng
050 0 4 _a658.562 $2 18
100 1 _aDent, R.
245 0 0 _aBenchmarking knowledge management practice in construction
260 _aLondon
_bCIRIA
_c2004
300 _a54p.
_c30cm
490 0 _aCIRIA
_vC620
520 _aReport describing a study carried out between November 2001 and January 2003 by 11 construction companies to investigate the key issues relating to knowledge management in their companies and to compare and benchmark the various components of knowledge management.
690 _aMANAGEMENT-BUSINESS MANAGEMENT-INFORMATION MANAGEMENT
700 1 0 _aMontague, Keith
710 2 _aConstruction Industry Research and Information Association
_94810
942 _n0
999 _c104987
_d104987